000 00559nam a2200205Ia 4500
003 OSt
005 20221002055144.0
006 a|||||r|||| 00| 0
007 ta
008 220930b |||||||| |||| 00| 0 eng d
024 _a77201
037 _cReference Collections
040 _aCRL
_cCRL
_beng
041 _2eng
_aeng
082 _aV1-3n.N56, J8(RR)
245 0 _aBritish commonwealth 1958
260 _aLondon
_bEuropa publications limited
_c1958
942 _hV1-3n.N56, J8(RR)
_cref
_2CC
999 _c926936
_d926936